000 00605nam a22002177a 4500
001 20257
003 BD-RjUL
005 20211209000536.0
008 140227s1957 pk ||||| |||| 00| 0 eng d
035 _a(BD-RjUL)20319
040 _aBD-RjUL
_beng
_cBD-RjUL
_dBD-RjUL
041 _aeng
082 0 4 _a302.1
_bPIH 1957
100 1 _a Piracha, Abdur Rahim
_962440
245 1 0 _aHow to stop worrying about your heart /
_cby Abdur Rahim Piracha
260 _aKarachi :
_bAllies book cor.
_c1957.
300 _a164p. ;
_c17cm.
650 0 _a Anxiety.
_962441
650 0 _a Worry.
_962442
942 _2ddc
_cBK
999 _c20257
_d20257